| 000 | 02182cam a22002891i 4500 | ||
|---|---|---|---|
| 003 | SA_RiAUC | ||
| 005 | 20240917122216.0 | ||
| 008 | 240916s2004____su g 000 0aara c | ||
| 020 | _a9960465152 | ||
| 040 |
_aSA-MaUQU _bara _cSA-RiAUC _dKAC _erda |
||
| 082 | 0 | _a928.1 | |
| 090 |
_a928.1 _bخ ي ا |
||
| 100 | 1 |
_aخياط، عبد الله عمر عبد الرحمن، _d1355 هجري- _eمؤلف. |
|
| 245 | 1 | 0 |
_aعبد الله خياط يتذكر : _bلمحات من التاريخ الحديث / _cعبد الله عمر عبد الرحمن خياط ؛ تسجيل وإعداد الدكتور خالد محمد باطرفي. |
| 250 | _aالطبعة الأولى. | ||
| 264 | 1 |
_aجدة [السعودية] : _bعبد الله عمر خياط ، _c[2004] |
|
| 300 |
_a352 صفحة ؛ _c24 × 17 سم |
||
| 336 |
_aنص _btxt _2rdacontent _3كتاب |
||
| 337 |
_aبدون وسيط _bn _2rdamedia |
||
| 338 |
_aمجلد _bnc _2rdacarrier |
||
| 505 | 0 | _aالمحتويات : الريشة تغلب الإبرة-العريف قيمة وقامة-العريف "بياع جرايد"...-محمد عمر توفيق يجيز الخبر-غضبة العريف-صافي يا لبن مع العريف...-شنطتي وإسطوانة الجفري-في كل بيت فنان-شحاتة وتوفيق ينافسان فريد الأطرش-رجالنا العظام...والصبان-الصبان كان يهب ما لا يملك...-دور الوجهاء-مجالس الضيوف-بيوت مفتوحة على مدار العام-البلوت..سيد الترفيه-الإضاءة بين الأتاريك والمواتير...-شركات النقل..أكثرها للحجاج-زبدية اللبن..الزبدة بقرش-أهل مكة لا يسبحون...-هربت مقال الرد مع الإثبات-تآمرت مع طلال ومحمد عبده ... وموضوعات أخرى. | |
| 600 | 1 | 7 |
_aخياط، عبد الله عمر عبد الرحمن، _d1355 هجري- _vيوميات _2aucnm |
| 650 | 7 |
_aالأدباء السعوديون _vتراجم _2aucsh |
|
| 700 | 1 |
_aباطرفي، خالد محمد علي، _d1380 هجري- _eمعد. |
|
| 942 |
_2ddc _cBOOK |
||
| 949 |
_aSA-JeALM _d240916 _umohamedma123 _n1 |
||
| 999 |
_c367 _d367 |
||